书目信息 |
| 题名: |
每日必练进阶教程
|
|
| 作者: | 布拉卡瓦尔 著 ;胡越菲 译 | |
| 分册: | 长笛1 | |
| 出版信息: | 上海 上海音乐出版社 2013 |
|
| 页数: | 69页 | |
| 开本: | 31cm | |
| 丛书名: | ||
| 单 册: | ||
| 中图分类: | J621.16 | |
| 科图分类: | ||
| 主题词: | 长笛--吹奏法--教材 , 长笛 , 吹奏法 | |
| 电子资源: | ||
| ISBN: | 978-7-5523-0128-1 | |
| 000 | 01173ncm0 2200313 45 | |
| 001 | 012001009442 | |
| 005 | 20140102082435.0 | |
| 010 | @a978-7-5523-0128-1@dCNY36.00 | |
| 100 | @a20130523d2013 em y0chiy50 ea | |
| 101 | 1 | @achi@aeng@cfre |
| 102 | @aCN@b310000 | |
| 105 | @aag z 000yy | |
| 106 | @ar | |
| 200 | 1 | @a每日必练进阶教程@9mei ri bi lian jin jie jiao cheng@h长笛1@b专著@dSunshine everyday basic exercises for flute@f史蒂芬·布拉卡瓦尔著@g胡越菲译@zeng |
| 210 | @a上海@c上海音乐出版社@c上海文艺音像电子出版社@d2013 | |
| 215 | @a69页@c图@d31cm@e1光盘 | |
| 300 | @a原版引进 | |
| 305 | @a比利时联合音乐传媒出版公司提供版权 | |
| 307 | @a附光盘:ISBN 978-7-88880-527-9 | |
| 330 | @a本书内容不仅包括音阶、和弦等基本练习,还包括现代流行的摇摆乐节奏练习。此外,还附有伴奏光盘。全书从无升降号的调开始,一直到三升三降的调。 | |
| 510 | 1 | @aSunshine everyday basic exercises for flute@h1@zeng |
| 606 | 0 | @a长笛@x吹奏法@j教材 |
| 606 | 0 | @a长笛 |
| 606 | 0 | @a吹奏法 |
| 690 | @aJ621.16@v5 | |
| 701 | 1 | @c( )@a布拉卡瓦尔@9bu la ka wa er@4著 |
| 702 | 0 | @a胡越菲@9hu yue fei@4译 |
| 801 | 2 | @aCN@b上海新华@c20191020 |
| 905 | @b1188205-7@dJ621.16@e393@f3 | |
| 每日必练进阶教程.长笛1=Sunshine everyday basic exercises for flute/史蒂芬·布拉卡瓦尔著/胡越菲译.-上海:上海音乐出版社:上海文艺音像电子出版社,2013 |
| 69页:图;31cm+1光盘 |
| 原版引进 |
| ISBN 978-7-5523-0128-1:CNY36.00 |
| 本书内容不仅包括音阶、和弦等基本练习,还包括现代流行的摇摆乐节奏练习。此外,还附有伴奏光盘。全书从无升降号的调开始,一直到三升三降的调。 |
| ● |
| 相关链接 |
|
|
|
|
正题名:每日必练进阶教程
索取号:J621.16/393
 
预约/预借
| 序号 | 登录号 | 条形码 | 馆藏地/架位号 | 状态 | 备注 |
| 1 | 1188205 | 211882051 | 第一样本阅览室/ [索取号:J621.16/393] | 在馆 | |
| 2 | 1188206 | 211882060 | 第一借阅区/ [索取号:J621.16/393] | 在馆 | |
| 3 | 1188207 | 211882079 | 第一借阅区/ [索取号:J621.16/393] | 在馆 |